Riadenie MIMO chemickotechnologického procesu pomocou PID a LQR regulátorov
Salvato in:
| Autore principale: | |
|---|---|
| Altri autori: | |
| Natura: | Manoscritto Libro |
| Lingua: | slovacco |
| Pubblicazione: |
2016
|
| Soggetti: | |
| Accesso online: | http://is.stuba.sk/zp/portal_zp.pl?podrobnosti=135469 |
| Tags: |
Nessun Tag, puoi essere il primo ad aggiungerne!!
|
MARC
| LEADER | 00000ntm a22000003a 4500 | ||
|---|---|---|---|
| 001 | stuzp53088 | ||
| 003 | SK-STU | ||
| 005 | 20160719154357.4 | ||
| 007 | ta | ||
| 008 | 150427s2015----xo-----f-mn---000-0-slo-d | ||
| 040 | |a STU |b slo | ||
| 041 | 0 | |a slo | |
| 100 | 1 | |a Kukla, Juraj |u 047000 |4 aut |U FCHPT Fakulta chemickej a potravinárskej technológie |T FCHPT Ústav informatizácie, automatizácie a matematiky |X 53965 |U C7000 |Y 105 |7 53965 | |
| 242 | 0 | 1 | |a The control of MIMO chemical-technological process using PID and LQR controllers |y eng |
| 245 | 1 | 0 | |a Riadenie MIMO chemickotechnologického procesu pomocou PID a LQR regulátorov |
| 260 | |c 2016 | ||
| 650 | 4 | |a matematické modelovanie |2 slo | |
| 650 | 4 | |a LQR riadenie |2 slo | |
| 650 | 4 | |a autonómne riadenie |2 slo | |
| 650 | 4 | |a LQR control |2 eng | |
| 650 | 4 | |a mathematical modelling |2 eng | |
| 650 | 4 | |a decoupling |2 eng | |
| 700 | 1 | |a Fikar, Miroslav |u 047000 |k Z1 |4 ths |U FCHPT Fakulta chemickej a potravinárskej technológie |T FCHPT Ústav informatizácie, automatizácie a matematiky |X 3374 |U C7000 |Y 105 |7 A000003374 | |
| 856 | 4 | |u http://is.stuba.sk/zp/portal_zp.pl?podrobnosti=135469 | |
| SQL | |a stuzp53088 |b DBP |c SLO |d Riadenie MIMO chemickotechnologického procesu pomocou PID a LQR regulátorov |e 53965 |f Kukla, Juraj |g 047000 |h 3374 |i Fikar, Miroslav |j 20160711 |k 1925 |l 04 |m http://is.stuba.sk/zp/portal_zp.pl?podrobnosti=135469 |n B-AIMCHP |o 5.2.14. automatizácia, 5.2.52. priemyselné inžinierstvo | ||